00952 2200301 4500001002100000001002100021005001500042020002200057035002400079040001200103082002000115084002000135090001700155090002000172100001700192245014700209245007900356250001100435260003500446260003300481300004500514500001100559650001400570700002000584700001900604850001200623990001500635YOGYA000000000001057YOGYA00000000000105720140822082823 a978-979-3064-63-5 0010-081400000001097 aYOPDYOG 2[22]a338.04092 a338.04092 Stu A a153.42 Sil M a338.04092 Stu A aSTUDWEL, Joe aAsian Godfathersb: Menguak tabir perselingkuhan pengusaha dan penguasac/ Joe Studwel ; penerjemah, Yanto Musthofa ; editor, Julie Indahrini. aMetoda kontrol daya pikir: Untuk pengelolaan & inovasi bisniscSilva, jose aCet.3. aJakartabPustaka Alvabetc2010 aSemarangbDahara Prizec1991 axli, 287 hlm.b: ilus.c; 23 cm (3 eks.) aIndeks aPengusaha aJulie Indahrini aYanto Musthofa aYOPDYOG a85315-P/96